| 000 | 00602nam a2200181Ia 4500 | ||
|---|---|---|---|
| 008 | 151202s9999||||xx |||||||||||||| ||und|| | ||
| 082 | _bPNVM-70990 | ||
| 100 | _aइर्लेकर सुहासिनी. | ||
| 245 | _aचित्रांगण. | ||
| 260 | _bपद्गंधा प्रकाशन पुणे. | ||
| 260 | _c70990 | ||
| 300 | _a79 | ||
| 600 | _aइर्लेकर सुहासिनी. | ||
| 630 | _aचित्रांगण. | ||
| 700 | _aइर्लेकर सुहासिनी. | ||
| 730 | _aचित्रांगण. | ||
| 942 | _cBOOK | ||
| 999 |
_c1337496 _d1337493 |
||